[Event "Interzonal-15"]
[Site "Manila"]
[Date "1990.??.??"]
[Round "3"]
[White "Khalifman, Alexander"]
[Black "Georgiev, Kiril"]
[Result "0-1"]
[WhiteElo "2615"]
[BlackElo "2580"]
[Annotator "Ftacnik,L"]
[PlyCount "58"]
[EventDate "1990.06.29"]
[EventType "swiss"]
[EventRounds "13"]
[EventCountry "PHI"]
[SourceTitle "CBM 019"]
[Source "ChessBase"]
[SourceDate "1990.12.01"]
[SourceVersion "1"]
[SourceVersionDate "1990.12.01"]
[SourceQuality "1"]

1. Nf3 Nf6 2. c4 e6 3. d4 d5 4. Nc3 Be7 5. Bf4 O-O 6. e3 c5 7. dxc5 Bxc5 8. Qc2
Nc6 9. O-O-O Qa5 10. a3 Bd7 11. g4 Rfc8 12. Kb1 Bf8 13. Ng5 $5 {N} (13. g5 Nh5
14. Bg3 Ne7 15. Ne5 Be8 16. Be2 f6 17. gxf6 gxf6 18. Nf3 Bg6 19. e4 $14 {
Gelfand,B-Beliavsky,A/Linares/1990/}) 13... Ne7 (13... h6 14. h4 g6 (14... hxg5
15. hxg5 Ne4 16. Nxe4 dxe4 17. Rxd7) 15. Nf3 $40) 14. h4 (14. Be5 Ng6 15. Bxf6
gxf6 16. Nf3 Bc6 $132) 14... g6 (14... Ng6 15. Bg3 dxc4 16. Nxh7 $5 Kxh7 17. h5
$40) (14... h6 15. Nf3 $22 (15. Bd3 g6 $1 16. Nxf7 Kxf7 17. g5 Nh5 $17) 15...
dxc4 16. g5 Nfd5 17. gxh6 $40) 15. h5 Bg7 (15... dxc4 $2 16. Nge4 $1 Nxe4 (
16... Nfd5 17. Nxd5 Nxd5 18. Rxd5 exd5 19. Nf6+ $18) 17. Nxe4 Bc6 18. hxg6 Nxg6
19. Nf6+ Kg7 20. Rxh7+ Kxf6 21. g5+ Ke7 22. Qxg6) (15... h6 16. Nf3 (16. hxg6
hxg5 17. Bxg5 Bg7 18. Bxf6 Bxf6 19. gxf7+ Kxf7 20. Qh7+ Bg7 $17) 16... g5 17.
Nxg5 hxg5 18. Bxg5 Nh7 19. Bf4 $40) 16. Bd6 (16. Be5 Bc6 (16... dxc4 17. Bxf6
Bxf6 18. Nce4 Bxg5 19. Rxd7 $36) 17. Bxf6 Bxf6 18. Nxh7 Bxc3 $1 19. bxc3 Ba4
20. Nf6+ Kg7 21. h6+ Kxf6 22. g5+ Ke5 $1 $19 (22... Kxg5 23. f4+ Kf6 24. Qg2))
(16. hxg6 hxg6 17. f3 dxc4 18. Qh2 $13) 16... Qd8 (16... Nc6 17. hxg6 hxg6 18.
f3 $40) 17. hxg6 hxg6 18. Be5 (18. f3 Ba4 $1 19. Qxa4 Qxd6 $15) 18... Nc6 $1 (
18... Nxg4 $2 19. Bxg7 Kxg7 20. Rh7+ Kf6 21. Nce4+ dxe4 22. Nxe4+ $18) (18...
Bc6 19. f3) 19. Bxf6 Qxf6 (19... Bxf6 20. f4 $22 (20. Nh7 $5 Bg7 21. cxd5 exd5
22. Rxd5) 20... Bxg5 21. fxg5 Qxg5 22. Qh2 $40) 20. f4 (20. Nh7 Qf3 (20... Qe5
21. g5 (21. cxd5 Ne7 22. dxe6 Bxe6 23. g5 Nd5 $132) 21... Ne7 22. f4 Qxe3 23.
Qh2 $40) 21. Rh3 (21. Be2 Qxf2 22. g5 Ne5 23. Rdf1 Qxe3 $13) 21... Qxg4 22.
cxd5 (22. f3 Qf5 23. e4 Qf4 $13) 22... Ne7 $132) 20... Na5 $1 (20... Ne7 $6 21.
Nce4 dxe4 22. Rxd7 $16) 21. Nce4 $2 (21. cxd5 Ba4 $5 (21... exd5 22. Nxd5) 22.
Qxa4 Rxc3 23. Rh2 $1 (23. bxc3 Qxc3 24. Rh2 (24. Qb4 Qa1+ 25. Kc2 Rc8+ 26. Kd2
Bc3+ $19) 24... Rc8 25. Rd4 (25. Ra2 Nb3 26. dxe6 Qc1+) 25... Nb3 26. Rb2 Nxd4
27. exd4 Bxd4 $19) 23... Rb3 24. Rdd2 (24. Ne4 Rxb2+ 25. Ka1 Rxh2+ 26. Nxf6+
Bxf6+ 27. Rd4 Rc8 28. Kb1 Bxd4 29. exd4 Rh1 $17) 24... Rxe3 25. Qxa5 Re1+ 26.
Ka2 Rxf1 27. dxe6 fxe6 28. Rhf2 $14) 21... Qe7 (21... dxe4 $2 22. Rxd7 Nxc4 23.
Bxc4 Rxc4 24. Qh2 $18) 22. Rh7 dxe4 (22... Nxc4 $2 23. Bxc4 Rxc4 24. Qh2 f6 $8
25. Rh1 fxg5 26. fxg5 $1 Rf8 (26... Rxe4 27. Rh8+ Kf7 28. Rf1+) 27. Nd6 {
/\ Rh8+-}) 23. Qh2 f6 (23... Qe8 24. Rxg7+ Kxg7 25. Qh7+ Kf8 26. Qh6+ Ke7 27.
Nh7 Rc5 (27... Qh8 28. Qg5+ f6 29. Nxf6 $40) 28. Qh4+ g5 29. fxg5 Qh8 30. g6+
f6 31. Qh2 Rc6 (31... Re5 32. g5 f5 33. Nf6 $1 Qxh2 34. Rxd7+ Kf8 35. g7#) (
31... Qb8 32. Qh6 Qg8 33. g7 Qf7 34. Nf8 $1 $18) 32. Qd2 Rd8 33. g5 fxg5 34.
Qxa5 $18) 24. Nxe4 Bc6 25. Nd6 $6 (25. Bd3 Rd8 26. Rh1 Rxd3 27. Rh8+ Kf7 28.
Rxa8 Bxe4 $19) (25. Bg2 $5 Nxc4 26. Rh1 Nxe3 27. Bf3 (27. Rh8+ Kf7) 27... Nxg4
$19) 25... Rd8 26. c5 Be4+ $1 27. Bd3 (27. Ka2 Bd5+ 28. Kb1 Nb3 29. Bd3 Nxc5
30. Bxg6 Rxd6 $19) 27... Rxd6 $1 28. cxd6 Qxd6 29. Qc2 Rd8 {Ftacnik,L} (29...
Rd8 30. Bxe4 Qxd1+ 31. Qxd1 Rxd1+ 32. Kc2 Kxh7 $19) 0-1

[Event "NED-ch45"]
[Site "Hilversum"]
[Date "1990.06.16"]
[Round "5"]
[White "Blees, Albert"]
[Black "Pliester, Leon"]
[Result "0-1"]
[WhiteElo "2400"]
[BlackElo "2390"]
[Annotator "Ftacnik,L"]
[PlyCount "128"]
[EventDate "1990.06.11"]
[EventType "tourn"]
[EventRounds "11"]
[EventCountry "NED"]
[EventCategory "9"]
[SourceTitle "CBM 019"]
[Source "ChessBase"]
[SourceDate "1990.12.01"]
[SourceVersion "1"]
[SourceVersionDate "1990.12.01"]
[SourceQuality "1"]

1. d4 Nf6 2. c4 e6 3. Nf3 d5 4. Nc3 Be7 5. Bf4 O-O 6. e3 c5 7. dxc5 Bxc5 8. Qc2
Nc6 9. a3 Qa5 10. O-O-O dxc4 11. Bxc4 Rd8 (11... Be7 12. g4 Rd8) 12. Nd2 Be7
13. Nb3 Rxd1+ 14. Rxd1 Qh5 15. f3 Na5 16. g4 Nxb3+ 17. Qxb3 Qc5 18. Kb1 h6 19.
e4 Qc6 20. Ka2 $14 a6 21. Be2 b5 22. e5 Nd7 23. Ne4 Nb6 24. Nd6 Nd5 25. Rc1 Qd7
26. Nxc8 $6 (26. Bg3 $5) 26... Rxc8 27. Rxc8+ Qxc8 28. Bg3 Qc1 29. Bd3 Bc5 30.
Qc2 Qe3 31. Be4 g5 $1 {x f3, e5} 32. Bxd5 exd5 33. e6 $1 fxe6 34. Qg6+ Kf8 35.
Qxh6+ Kf7 36. Qh7+ Ke8 37. Qg8+ Kd7 38. Qb8 Qd4 39. Qc7+ Ke8 40. Qc8+ Kf7 41.
Qc7+ $6 (41. Qd7+ $1 Be7 42. Bd6 Qc4+ 43. Kb1 Qd3+ $10) 41... Be7 42. Bd6 Qc4+
43. b3 (43. Qxc4 bxc4 $17) 43... Qxc7 44. Bxc7 Bf6 45. Kb1 e5 46. Kc2 e4 47.
Kd2 Ke6 48. Ke2 Kd7 49. Ba5 Kc6 50. Bb4 Bd8 51. h3 a5 52. Bf8 a4 53. bxa4 bxa4
54. fxe4 dxe4 55. Bb4 Kd5 56. Ke3 Bb6+ 57. Ke2 Bc5 $1 58. Bd2 Bxa3 59. Bxg5 Bc5
(59... Bb2 $1 60. Kd2 a3 61. Kc2 Kc4 62. Be7 e3 $19) 60. Kd2 e3+ (60... Kc4 61.
Bf6 a3 62. g5 e3+ 63. Kc2 e2 64. Kd2 Bd4 65. Bxd4 Kxd4 66. g6 a2 67. g7 e1=Q+
$19) 61. Kc3 e2 $1 62. Bd2 (62. Bh4 Be7 $1 63. Be1 Bd8 $1 64. Kb2 Kc4 65. h4
Be7 66. g5 Bb4 $19) 62... Bb6 63. Kb2 (63. Kb4 Ba5+ 64. Kxa5 a3) 63... Kc4 64.
Ka2 Bf2 {Ftacnik,L} 0-1

[Event "Linares zt"]
[Site "Linares"]
[Date "1995.??.??"]
[Round "3"]
[White "Van Wely, Loek"]
[Black "Sharif, Mershad"]
[Result "1/2-1/2"]
[WhiteElo "2585"]
[BlackElo "2465"]
[Annotator "Ftacnik,L"]
[PlyCount "67"]
[EventDate "1995.11.??"]
[EventType "swiss"]
[EventRounds "11"]
[EventCountry "ESP"]
[SourceTitle "CBM 051"]
[Source "ChessBase"]
[SourceDate "1996.04.01"]
[SourceVersion "1"]
[SourceVersionDate "1996.04.01"]
[SourceQuality "1"]

1. d4 d5 2. Nf3 Nf6 3. c4 e6 4. Nc3 Be7 5. Bf4 O-O 6. e3 c5 7. dxc5 Bxc5 8. a3
Nc6 9. Qc2 Qa5 10. O-O-O Be7 11. h4 {Last word of a theory, since 11.g4 is a
bit worn out.} a6 (11... dxc4 12. Bxc4 b6 (12... a6 13. Ng5 b5 14. Nce4 g6 15.
Bb3 Bb7 16. Nxf6+ Bxf6 17. Ne4 Be7 18. Rd7 e5 19. Rxb7 Rac8 20. Bh6 Nb4 21.
Qxc8 Rxc8+ 22. Kb1 Nc6 23. Rc1 b4 24. Rxc6 Rxc6 25. Rxe7 {1-0 Schandorff,
L-Olesen,M/Copenhagen Sommerskak (03) 1995}) (12... e5 13. Bg5 Bg4 14. Nd5 $14)
13. Ng5 Ba6 14. Nce4 g6 15. Nxf6+ Bxf6 16. Ne4 Be7 17. Bxa6 Qxa6 18. Kb1 Rac8
19. Bh6 {1/2-1/2 De Boer,G-Tondivar,B/NLD-chT 9596/1995 (31)}) (11... Rd8 12.
g4 (12. Nd2 e5 13. Bg5 d4 14. Nb3 Qb6 15. c5 Qc7 16. Nb5 Qb8 17. exd4 a6 18.
Nd6 Bxd6 19. cxd6 Qxd6 20. dxe5 Qxd1+ 21. Qxd1 Rxd1+ 22. Kxd1 Nxe5 23. Bxf6
gxf6 24. Nd4 {1/2-1/2 Cifuentes Parada,R-Van der Sterren,P/NLD-ch (10)/1995 
(50)}) 12... Bd7 13. Kb1 dxc4 14. Bxc4 Rac8 15. g5 Nh5 16. Bd6 Be8 $5 (16... g6
17. Be2 Bxd6 18. Rxd6 Ne7 19. Qb3 Bc6 20. Rxd8+ Rxd8 21. Rd1 Qf5+ 22. Ka1 Rf8
23. e4 {1/2-1/2 Kasparov,G-Ehlvest,J/Novgorod (07)/1995 (43)}) 17. Bxe7 Nxe7
18. Rxd8 Rxd8 19. Rd1 Rc8 20. Bb3 Nf5 {1-0 Lugovoi,A-Korneev,O/RUS-ch Elista 
(05)/1995 (25)}) 12. cxd5 (12. Ng5 Rd8 13. Kb1 h6 14. f3 (14. g4 b5 15. cxd5
exd5 16. Nxd5 Bxg4 17. Bg2 Bxd1 18. Qxc6 Nxd5 19. Bxd5 hxg5 20. hxg5 Rxd5 21.
Qxd5 Rd8 22. Qe4 Bxa3 23. g6 Bxb2 {0-1 Bauer,C-Marciano,D/FRA-ch Toulouse (09)
1995}) 14... d4 15. exd4 Nxd4 16. Rxd4 Rxd4 17. Be3 Rd8 18. g4 Bd7 19. Nxf7
Kxf7 20. g5 Bc6 21. gxf6 Bxf6 22. Rg1 Qf5 23. Ne4 Bxe4 24. fxe4 Qe5 {0-1
Arkhangelsky,B-Unzicker,W/WchS Bad Liebenzell (07 1995 (45)}) (12. Kb1 dxc4 13.
Ng5 Qf5 14. Qxf5 exf5 15. Bxc4 h6 16. Nf3 Be6 17. Ba2 Rfd8 18. Ne5 Nxe5 19.
Bxe5 Rac8 20. Bxf6 Bxf6 21. Nd5 Bxd5 22. Bxd5 Rc7 {1/2-1/2 Chernin,
A-Chernuschevich,A/Osterskars op (05) ;EXT 95op 1995 (27)}) 12... exd5 13. Ng5
Rd8 14. Kb1 (14. Bd3 h6 15. Nf3 Bg4 $15) 14... h6 15. Nf3 Bg4 16. Be2 Rac8 {
Black doesn't have any problems, it is white who has to wory about the safety
of his K.} 17. Nd2 (17. Rhe1 Bxf3 18. Bxf3 d4 19. Bxc6 Rxc6 20. Rxd4 Nd5 21.
Nxd5 Rxc2 22. Nxe7+ Kf8 23. Rxd8+ Qxd8 24. Kxc2 Qxe7 $17) 17... Bxe2 18. Nxe2
d4 (18... Nd4 19. Qd3 Nxe2 20. Qxe2 d4 21. Nb3 Qf5+ 22. Qd3 Qxd3+ 23. Rxd3 Ng4
$15) 19. Qb3 (19. Nc4 Qb5 $17) 19... Nd5 (19... Qf5+ 20. Ka2 d3 21. Ng3 Qd5 $17
) 20. e4 d3 (20... Nxf4 21. Nxf4 b5 22. Nd5 b4 $15) 21. Nf3 (21. exd5 dxe2 22.
Rde1 Nd4 23. Qxb7 Bf8 $15) 21... dxe2 (21... Nf6 22. Rxd3 Nxe4 23. Rxd8+ Rxd8
$15) 22. Rxd5 Nd4 23. Qxb7 $1 {White is lucky with this spectacular saving of
the day, black already has a P on e2!} (23. Nxd4 $2 e1=Q+ 24. Rxe1 Qxe1+ 25.
Ka2 Qxe4 $19) 23... Qa4 (23... Rxd5 24. exd5 Re8 25. Qd7 Qd8 26. Qxd8 Bxd8 27.
Ne1 $10) 24. Rxd4 Rxd4 25. Nxd4 (25. Qxc8+ Rd8 26. Qb7 Rd1+ $19) 25... Qd1+ 26.
Ka2 Re8 (26... Qxh1 $2 27. Qxc8+ Kh7 28. Qf5+ Kg8 29. Nxe2 $18) 27. Qd7 Rd8 (
27... Kf8 $2 28. Rxd1 exd1=Q 29. Ne6+ fxe6 30. Qxd1 $18) 28. Qxe7 Rxd4 29. Qe8+
Kh7 30. Qxf7 (30. Rxd1 exd1=Q 31. Qxf7 Qg4 $1 32. Be5 Rd7 $14) 30... Qxh1 31.
Qf5+ Kg8 32. Qc8+ Kh7 (32... Kf7 33. Qf5+ Ke8 34. Qe6+ Kd8 35. Qg8+ Kd7 36.
Qxg7+) 33. Qf5+ Kg8 34. Qc8+ 1/2-1/2

[Event "Groningen"]
[Site "Groningen"]
[Date "1992.??.??"]
[Round "6"]
[White "Piket, Jeroen"]
[Black "Beliavsky, Alexander G"]
[Result "1/2-1/2"]
[WhiteElo "2625"]
[BlackElo "2595"]
[Annotator "Ftacnik,L"]
[PlyCount "39"]
[EventDate "1992.12.??"]
[EventType "tourn"]
[EventRounds "9"]
[EventCountry "NED"]
[EventCategory "14"]
[SourceTitle "CBM 034"]
[Source "ChessBase"]
[SourceDate "1993.06.01"]
[SourceVersion "1"]
[SourceVersionDate "1993.06.01"]
[SourceQuality "1"]

1. d4 Nf6 2. c4 e6 3. Nf3 d5 4. Nc3 Be7 5. Bf4 O-O 6. e3 c5 7. dxc5 Bxc5 8. a3
dxc4 9. Bxc4 a6 10. Qc2 Nbd7 11. Rd1 b5 12. Bd3 Qb6 13. O-O h6 14. Ne5 Nxe5 15.
Bxe5 Ng4 16. Ne4 $1 Nxe5 (16... Bxe3 $2 17. Bc7 $1 $16) 17. Qxc5 Qxc5 18. Nxc5
Ra7 19. b4 Nd7 20. Nxd7 $6 (20. Nb3 $142 $14) 1/2-1/2

[Event "WchT 3rd"]
[Site "Luzern"]
[Date "1993.??.??"]
[Round "9.2"]
[White "Vera Gonzalez Quevedo, Reynaldo"]
[Black "Lputian, Smbat G"]
[Result "1-0"]
[WhiteElo "2525"]
[BlackElo "2565"]
[Annotator "Ftacnik,L"]
[PlyCount "101"]
[EventDate "1993.10.24"]
[EventType "team-tourn"]
[EventRounds "9"]
[EventCountry "SUI"]
[SourceTitle "CBM 038"]
[Source "ChessBase"]
[SourceDate "1994.02.01"]
[SourceVersion "1"]
[SourceVersionDate "1994.02.01"]
[SourceQuality "1"]
[WhiteTeam "Cuba"]
[BlackTeam "Armenia"]
[WhiteTeamCountry "CUB"]
[BlackTeamCountry "ARM"]

1. d4 d5 2. c4 e6 3. Nc3 Be7 4. Nf3 Nf6 5. Bf4 O-O 6. e3 c5 7. dxc5 Bxc5 8. Qc2
Nc6 9. a3 Qa5 10. O-O-O Be7 11. g4 dxc4 12. Bxc4 e5 13. g5 exf4 14. gxf6 Bxf6
15. Nd5 (15. Ne4 Bf5 16. Nxf6+ gxf6 17. e4 Bg6 18. Rd5 Qc7 19. h4 Rac8 20. Nd2
Ne5 21. b3 a6 22. h5 b5 23. hxg6 hxg6 24. Qc3 $13 {Agrest,E-Cherepkov,A/St.
Petersburg2/1992/0-1 (38)}) (15. Rd5 $5 Qc7 16. Ne4 (16. Rh5 g6 17. Nd5 Qd6 (
17... Qd8 18. Rg1 Be6 19. Ng5 Bxg5 20. Rhxg5 Bxd5 21. Bxd5 Kg7 22. e4 Rc8 23.
Kb1 Qb6 24. Qd2 $10 {Libeau,R-Hoffman,A/Biel op (07)/1993/0.5 (45)}) 18. Rg1
Bg7 19. Nxf4 Ne7 20. Nh4 Be6 21. Nxe6 fxe6 22. Rd1 Qc6 23. Rc5 Qb6 24. Rb5 $10
{Farago,I-Schroll,G/STL 9293/1993/0.5 (26)}) 16... Qe7 $1 17. h4 g6 $1 18. h5
Bf5 19. Nxf6+ Qxf6 20. e4 Be6 $2 (20... Bg4 $1 $17) 21. hxg6 hxg6 22. Rd6 Rfe8
23. Bxe6 Rxe6 24. Rxe6 $15 {Nasybullin,V-Klovan,Y/corr/1988/0-1 (34)}) 15...
Ne7 (15... Be6 16. Nxf6+ gxf6 17. Bxe6 fxe6 18. Rd7 Ne7 19. Rg1+ Kh8 {
Georgadze,G-Stern,R/Baden Baden op (05)/1991/1-0 (20)}) 16. Nxf6+ gxf6 17.
Rhg1+ (17. Nd4 Qe5 18. Kb1 b5 19. Bd3 Bb7 20. Bxh7+ Kh8 21. exf4 Qh5 22. Be4
Rac8 23. Qd3 Bxe4 24. Qxe4 $14 {Shabalov,A-Kruppa,Y/Minsk/1990/1-0 (33)}) 17...
Kh8 18. Qe4 Ng6 19. Qd4 (19. Rd5 Qc7 20. Qd4 Be6 $1 21. Rc5 $15 {Shabalov,
A-Kruppa,Y/USSR/1988/}) 19... Qb6 20. Qxb6 (20. exf4 Qxd4 21. Rxd4 Bf5 22. Kd2
Rac8 23. Rc1 Bg4 24. Rc3 $10 {Gulko,B-Rodriguez Talavera,JC/Sevilla op (3)/
1992/0.5 (33)}) 20... axb6 21. Rd6 Bh3 (21... fxe3 22. fxe3 Ra5 $1 23. Kd2 Rf5
(23... Rc5 24. Bd5 {Lputian,S-Van der Sterren,P/Wijk op (01)/1993/0-1 (39)})
24. Rf1 {Kasparov,G-Khalifman,A/Reggio Emilia/1991/0.5 (33)}) 22. Bd5 (22. Kb1
Bf5+ $1 23. Ka1 Be4 24. Nd4 $1 $10 {Gelfand,B-Yusupov,A/Linares/1993/0.5 (55)})
22... Rac8+ 23. Kb1 Rcd8 24. Rxd8 Rxd8 25. Bxb7 Bf5+ (25... fxe3 26. fxe3 $10 {
Yusupov}) 26. Ka1 fxe3 27. fxe3 Rd3 28. Nd4 Bd7 29. Re1 f5 30. Ba6 Rd2 31. Nf3
Rf2 32. Rf1 Rg2 (32... Rxf1+ 33. Bxf1 f4 34. exf4 Nxf4 35. b4 Kg7 36. Kb2 $14)
33. Bd3 Kg7 (33... f4 34. Bxg6 hxg6 35. exf4 $14) 34. Kb1 h5 (34... Bc6 35. Nd4
$16) 35. Rg1 Rxg1+ (35... Rf2 $5 36. Ne5 Be6 37. h3 Kf6 38. Nc4 f4 $132) 36.
Nxg1 Ne5 37. Be2 Kh6 38. Kc2 Ng4 39. Nf3 Bc6 $6 (39... Nxe3+ 40. Kd3 Ng4 41.
Kd4 $13) 40. Kd3 Be4+ (40... Bxf3 $2 41. Bxf3 Ne5+ 42. Ke2 Nxf3 43. Kxf3 $18)
41. Kd4 Bxf3 42. Bxf3 Nxh2 43. Bg2 Kg5 44. a4 f4 45. exf4+ Kxf4 46. b4 Kg3 (
46... Nf3+ 47. Bxf3 Kxf3 48. a5 bxa5 49. bxa5 h4 50. a6 $18) 47. Bc6 Ng4 48. a5
bxa5 49. bxa5 f6 50. a6 Ne5 51. Bb7 (51. Bb7 Nd7 52. a7 Nb6 53. Kc5 Nd7+ 54.
Kb5 $18) 1-0

[Event "USA-ch m"]
[Site "Jacksonville"]
[Date "1990.??.??"]
[Round "1"]
[White "Browne, Walter Shawn"]
[Black "Christiansen, Larry Mark"]
[Result "0-1"]
[WhiteElo "2510"]
[BlackElo "2595"]
[Annotator "Ftacnik,L"]
[PlyCount "75"]
[EventDate "1990.08.??"]
[EventType "k.o."]
[EventRounds "4"]
[EventCountry "USA"]
[SourceTitle "CBM 021"]
[Source "ChessBase"]
[SourceDate "1991.04.01"]
[SourceVersion "1"]
[SourceVersionDate "1991.04.01"]
[SourceQuality "1"]

1. d4 e6 2. c4 d5 3. Nc3 Be7 4. Nf3 Nf6 5. Bf4 O-O 6. e3 c5 7. dxc5 Bxc5 8. Qc2
Nc6 9. a3 Bd7 10. Rd1 Rc8 11. Bg5 $5 (11. Be2 Be7 12. O-O dxc4 13. Bxc4 Qb6 $14
{Ruban,V-Geller,E/Sochi A/1989/ ->CBM 16}) 11... Be7 12. Bxf6 Bxf6 13. cxd5
exd5 14. Rxd5 Qe7 15. Bd3 g6 16. O-O Be6 17. Rb5 Rfd8 $1 18. Be4 a6 19. Rb6 (
19. Nd5 Rxd5 $1 20. Rxd5 Nb4 $1 21. Qb3 Nxd5 22. Bxd5 Bxd5 23. Qxd5 Bxb2) 19...
Na5 20. Qa4 Qc5 21. Rb4 Qc7 $1 22. Nd4 Bc4 23. Rxc4 $1 Nxc4 24. Nd5 Qd6 25.
Nxf6+ Qxf6 26. Bxb7 Rc7 27. Qxa6 Qxa6 28. Bxa6 Nxb2 29. Bb5 Ra8 30. Rb1 Rxa3 $1
31. Rxb2 Ra1+ 32. Bf1 Rcc1 33. g3 Rxf1+ 34. Kg2 Rfb1 35. Rc2 Rc1 36. Rb2 Rcb1
37. Rd2 Rd1 $10 38. Rc2 $138 {Ftacnik,L} 0-1

[Event "OHRA-A"]
[Site "Amsterdam"]
[Date "1990.??.??"]
[Round "10"]
[White "Kortschnoj, Viktor Lvovich"]
[Black "Beliavsky, Alexander G"]
[Result "1-0"]
[WhiteElo "2630"]
[BlackElo "2605"]
[Annotator "Ftacnik,L"]
[PlyCount "59"]
[EventDate "1990.07.??"]
[EventType "tourn"]
[EventRounds "10"]
[EventCountry "NED"]
[EventCategory "14"]
[SourceTitle "CBM 020"]
[Source "ChessBase"]
[SourceDate "1991.02.01"]
[SourceVersion "1"]
[SourceVersionDate "1991.02.01"]
[SourceQuality "1"]

1. c4 e6 2. Nc3 Nf6 3. Nf3 d5 4. d4 Be7 5. Bf4 O-O 6. e3 c5 7. dxc5 Bxc5 8. Qc2
Nc6 9. a3 Qa5 10. Nd2 Bb4 11. cxd5 exd5 12. Bd3 $1 {N} (12. Nb3 Bxc3+ 13. bxc3
Qa4 14. Bd3 b6 15. f3 Ba6 $10) 12... d4 13. O-O Bxc3 (13... dxc3 14. axb4 Qxb4
15. bxc3 $16) 14. Nc4 Qh5 15. bxc3 dxe3 (15... dxc3 16. e4 Nd4 17. Qxc3 Ne2+
18. Bxe2 Qxe2 19. f3 Be6 20. Nd6 $16) 16. Nxe3 Be6 17. Rab1 Nd5 18. Rb5 $1 Rfd8
(18... Nxe3 19. Rxh5 Nxc2 20. Bxh7+ Kh8 21. Bxc2+ Kg8 22. Bh7+ Kh8 23. Bf5+ Kg8
24. Bxe6 fxe6 25. Be3 $18) 19. c4 Nd4 (19... Nxe3 20. fxe3 Qh4 21. Rxb7 $16)
20. Qb2 Nxb5 21. cxd5 Bxd5 22. Bxb5 (22. Qxb5 a6 23. Qc5 b6 24. Qxb6 Bxg2 $132)
22... Be4 23. Bc7 Rdc8 24. Rc1 Qg6 25. Bd7 Rf8 26. h4 $1 Kh8 27. Bf4 Rad8 28.
Rc7 f6 29. Qb4 Rf7 30. h5 {Ftacnik,L} 1-0

[Event "Corus"]
[Site "Wijk aan Zee"]
[Date "2000.01.18"]
[Round "3"]
[White "Kramnik, Vladimir"]
[Black "Short, Nigel D"]
[Result "1-0"]
[WhiteElo "2758"]
[BlackElo "2683"]
[Annotator "Ftacnik,L"]
[PlyCount "63"]
[EventDate "2000.01.15"]
[EventType "tourn"]
[EventRounds "13"]
[EventCountry "NED"]
[EventCategory "18"]
[SourceTitle "CBM 075"]
[Source "ChessBase"]
[SourceDate "2000.04.05"]
[SourceVersion "1"]
[SourceVersionDate "2000.04.05"]
[SourceQuality "1"]

1. Nf3 d5 2. d4 Nf6 3. c4 e6 4. Nc3 Be7 5. Bf4 O-O 6. e3 c5 7. dxc5 Bxc5 8.
cxd5 Nxd5 9. Nxd5 exd5 10. a3 Nc6 11. Bd3 Be7 12. O-O Bf6 13. Qb3 Qb6 $6 14.
Qxd5 $1 {White opens up an attacking plan against black king in which both
white bishops play a prominent role.} Rd8 (14... Qxb2 15. Rab1 Qc3 16. Rfc1
Qxa3 17. Bxh7+ Kxh7 18. Bd6 $18) 15. Qe4 g6 (15... h6 16. Qh7+ Kf8 17. Rab1 $16
) 16. Bg5 $1 Qxb2 (16... Bf5 $2 17. Qh4 Bxd3 (17... Bxg5 18. Nxg5 $18) 18. Bxf6
Rd6 19. Rfd1 $18) 17. Bc4 Kg7 (17... Bf5 $2 18. Qh4 Rd6 (18... Kg7 19. e4 $18)
19. e4 Bc8 20. Rab1 $18) 18. Qh4 h5 (18... Rd6 19. Qf4 Rd7 20. Bh6+ Kg8 21.
Rab1 $18) 19. Bxf7 $1 {[%mdl 128] It is no secret, that f7 square is rather
vulnerable for black. White's combination is rather refreshing, black defences
are falling to pieces.} Bxg5 (19... Kxf7 20. Rab1 Qxa3 21. Bxf6 Rd6 22. Be5 $18
) 20. Nxg5 Qf6 (20... Ne5 21. Be6 $18) 21. e4 Rd4 (21... Nd4 22. f4 Nc2 23. e5
Qf5 24. Ra2 Ne3 25. Re1 $18) 22. Rae1 (22. f4 $2 Rxe4 $1) 22... Bd7 (22... Bf5
23. Qg3 Bxe4 24. Nxe4 Qxf7 25. Ng5 $18) 23. f4 Rf8 24. Ba2 (24. e5 Qe7 25. e6
Bc8 $18) 24... Qd6 (24... Rd2 25. Bd5 $18) 25. Kh1 (25. Bd5 Qxa3 26. f5 Qd6 $16
) 25... Qxa3 26. Bb1 Qe7 27. Qg3 Kh6 (27... Rh8 28. e5 h4 29. Qe3 $16) 28. Nf3
Rb4 29. Nh4 $1 {Despite Short's best efforts kingside structure remains as
weak as ever. Black king is very insecure and black has no defense.} Be8 (29...
Qf7 30. e5 $18) (29... Rg8 30. Nf5+ Bxf5 31. exf5 $18) 30. e5 Rxb1 31. Rxb1 Nd4
32. Qg5+ $1 (32. Qg5+ $1 Qxg5 33. fxg5+ Kg7 34. Rxb7+ Kg8 35. Rf6 $18) 1-0